| 000 | 00442nam a2200169Ia 4500 | ||
|---|---|---|---|
| 003 | GCL | ||
| 008 | 140319s9999 xx 000 0 eng d | ||
| 040 |
_aGCL / _cGCL |
||
| 082 | 0 | 4 |
_aCC _b610.932 _bN A |
| 100 | 1 | _aNUNN, JOHN F | |
| 245 | 1 | 0 |
_aANCIENT EGYPTIAN MEDICINE / _cNUNN, JOHN F |
| 260 |
_a[S.N] : _bBRITISH MUSEUM PRESS ، _c1996 |
||
| 300 | _a240 P | ||
| 650 | 0 | 4 | _aMEDICINE |
| 650 | 0 | 4 | _aANCIENT EGYPTIAN MEDICAL |
| 942 |
_2ddc _cBK |
||
| 999 |
_c13275 _d13275 |
||